[Event "3MCR_3DW_1L_2S"]
[Site "?"]
[Date "2009.??.??"]
[Round "?"]
[White "Zahour, Jiri"]
[Black "Postl, Rostislav"]
[Result "0-1"]
[WhiteElo "2321"]
[BlackElo "2297"]
[Annotator "091"]
[PlyCount "148"]
[EventDate "2009.??.??"]
[EventType "corr"]
[SourceDate "2002.06.29"]

1. e4 e5 2. Nf3 Nc6 3. d4 exd4 4. Nxd4 Nf6 5. Nxc6 bxc6 6. e5 Qe7 7. Qe2 Nd5 8.
c4 Ba6 9. g3 g6 10. b3 Bg7 11. Bb2 O-O 12. Bg2 Rae8 13. O-O Bxe5 14. Qxe5 Qxe5
15. Bxe5 Rxe5 16. f4 Re7 17. cxd5 Bxf1 18. Kxf1 cxd5 19. Bxd5 c6 20. Bc4 d5 21.
Ba6 Re3 22. Kf2 Rfe8 23. Na3 Rc3 24. Rd1 Rc5 25. b4 Rc3 26. Nb1 Rc2+ 27. Rd2
Rxd2+ 28. Nxd2 Rb8 29. a3 Kf8 30. Nb3 Ke7 31. Ke3 Kd6 32. h4 Rd8 33. Kd2 Re8
34. Be2 h5 35. Bd1 Rb8 36. f5 Re8 37. fxg6 fxg6 38. Be2 Re5 39. Nc5 Re8 40. Bd1
Rg8 41. Ke3 Re8+ 42. Kf2 Rf8+ 43. Bf3 Ra8 44. Nb7+ Kc7 45. Na5 Rf8 46. Ke3 Re8+
47. Kd2 Re7 48. Bd1 Kd6 49. Bc2 g5 50. hxg5 Re5 51. g6 Rg5 52. Ke3 Rxg3+ 53.
Kf4 h4 54. Bf5 Ke7 55. Nxc6+ Kf6 56. a4 Rc3 57. Ne5 h3 58. Ng4+ Kg7 59. Ke5 Rf3
60. b5 d4 61. Be4 Rg3 62. Kf4 Ra3 63. Ke5 Ra1 64. Nf6 Rg1 65. Ne8+ Kf8 66. g7+
Kxe8 67. Kf6 Rxg7 68. Kxg7 Kd8 69. a5 h2 70. a6 Kc7 71. Kf6 Kb6 72. Ke5 d3 73.
Bxd3 h1=Q 74. Be4 Qa1+ 0-1

[Event "3MCR_3DW_1L_3S"]
[Site "?"]
[Date "2009.??.??"]
[Round "?"]
[White "Cakl, Miloslav"]
[Black "Ryska, Jiri"]
[Result "1-0"]
[WhiteElo "2041"]
[BlackElo "2104"]
[Annotator "088"]
[PlyCount "99"]
[EventDate "2009.??.??"]
[EventType "corr"]
[SourceDate "2002.06.29"]

1. e4 e5 2. Nf3 Nc6 3. Nc3 Nf6 4. Bb5 Bc5 5. Nxe5 Nxe5 6. d4 Bd6 7. f4 Nc6 8.
e5 Bb4 9. exf6 Qxf6 10. a3 Ba5 11. Be3 a6 12. Bd3 Ne7 13. Qf3 Bxc3+ 14. bxc3 d5
15. Bd2 Qh4+ 16. g3 Qh3 17. Rb1 b5 18. Kf2 c6 19. Rbe1 Bg4 20. Qe3 Ra7 21. c4
O-O 22. Bf1 Qh5 23. cxb5 axb5 24. Bb4 Re8 25. Bc5 Rb7 26. Be2 Kf8 27. h3 Bxe2
28. Rxe2 Qf5 29. Qc3 Qc8 30. Rhe1 Qxh3 31. Bd6 Qc8 32. Qc5 Kg8 33. Re5 h6 34.
f5 Qd7 35. Kg2 Kh7 36. Bxe7 Ra7 37. Qc3 Ra4 38. f6 Qg4 39. Bb4 Rxe5 40. dxe5
Qe6 41. fxg7 Kxg7 42. Rf1 Ra8 43. Rf6 Qg4 44. Qxc6 Rc8 45. Qxd5 Rxc2+ 46. Bd2
Qh5 47. Rf2 Qg6 48. e6 Qxe6 49. Qxe6 fxe6 50. Bxh6+ 1-0

[Event "3MCR_3DW_1L_2S"]
[Site "?"]
[Date "2009.??.??"]
[Round "?"]
[White "Postl, Rostislav"]
[Black "Toman, Antonin"]
[Result "1-0"]
[WhiteElo "2297"]
[BlackElo "2204"]
[Annotator "092"]
[PlyCount "71"]
[EventDate "2009.??.??"]
[EventType "corr"]
[SourceDate "2002.06.29"]

1. e4 e5 2. Nf3 Nc6 3. Bb5 a6 4. Ba4 Nf6 5. O-O Be7 6. Nc3 b5 7. Bb3 d6 8. a4
b4 9. Nd5 Bg4 10. c3 Rb8 11. Bc2 O-O 12. h3 Bh5 13. Qe2 Qc8 14. a5 bxc3 15.
bxc3 h6 16. Bd3 Nxd5 17. exd5 Na7 18. g4 Bg6 19. Bxa6 Qd7 20. Bc4 c5 21. d3 h5
22. Nh2 hxg4 23. hxg4 Bd8 24. a6 Nc8 25. f4 exf4 26. Bxf4 Bf6 27. Rfb1 Rxb1+
28. Rxb1 Bxc3 29. Rb8 Re8 30. Qc2 Qc7 31. Rb7 Qa5 32. Kg2 Bb4 33. Nf3 Qa1 34.
Rb8 f6 35. Nh4 Bh7 36. Bb5 1-0

[Event "3MCR_3DW_1L_2S"]
[Site "?"]
[Date "2009.??.??"]
[Round "?"]
[White "Toman, Antonin"]
[Black "Hrdy, Roman"]
[Result "1/2-1/2"]
[WhiteElo "2204"]
[BlackElo "2264"]
[Annotator "093"]
[PlyCount "96"]
[EventDate "2009.??.??"]
[EventType "corr"]
[SourceDate "2002.06.29"]

1. e4 c5 2. b3 Nc6 3. Bb2 e5 4. Bc4 Nf6 5. Nc3 d6 6. d3 Be7 7. Nge2 O-O 8. O-O
Bd7 9. a4 Nd4 10. Nxd4 cxd4 11. Nd5 Nxd5 12. Bxd5 Bc6 13. Bxc6 bxc6 14. f4 Bf6
15. Qh5 Rb8 16. Rf2 g6 17. Qg4 exf4 18. Bc1 Rb7 19. Bxf4 Bg7 20. Raf1 d5 21.
exd5 cxd5 22. Bg5 Qd7 23. Qxd7 Rxd7 24. b4 h6 25. Bf4 a6 26. Rb1 g5 27. Bg3 f5
28. Re2 f4 29. Be1 Rc8 30. b5 axb5 31. Rxb5 Kf7 32. Bb4 Bf6 33. a5 Be7 34.
Rxe7+ Rxe7 35. Bxe7 Kxe7 36. a6 Rxc2 37. Ra5 Rc8 38. a7 Ra8 39. Ra6 Kd8 40. Kf2
h5 41. Kf3 Kc7 42. Ra2 Kb7 43. h4 gxh4 44. Kxf4 Rf8+ 45. Ke5 Ka8 46. Kxd4 Rd8
47. Kc5 d4 48. Kc4 Rd7 1/2-1/2

[Event "3MCR_3DW_1L_1S"]
[Site "?"]
[Date "2009.??.??"]
[Round "?"]
[White "Jandovsky, Viktor"]
[Black "Kuta, Jiri"]
[Result "0-1"]
[WhiteElo "2285"]
[BlackElo "2359"]
[Annotator "084"]
[PlyCount "110"]
[EventDate "2009.??.??"]
[EventType "corr"]
[SourceDate "2002.06.29"]

1. e4 e5 2. Nf3 Nc6 3. Bb5 a6 4. Ba4 Nf6 5. O-O Be7 6. Re1 b5 7. Bb3 O-O 8. c3
d6 9. h3 Na5 10. Bc2 c5 11. d4 Qc7 12. Nbd2 Bd7 13. Nf1 Rfe8 14. Ne3 g6 15. Bd2
Bf8 16. Rc1 Nc6 17. Nd5 Nxd5 18. exd5 Na5 19. dxe5 dxe5 20. b3 f5 21. h4 e4 22.
Ng5 c4 23. Be3 Rad8 24. b4 Nb7 25. Bd4 h6 26. Nh3 Bc8 27. f3 Qg3 28. Bf2 Qe5
29. fxe4 Qxc3 30. exf5 Rxe1+ 31. Bxe1 Qe5 32. Qf3 Bxf5 33. Bxf5 Qxf5 34. Qxf5
gxf5 35. Nf4 Kf7 36. Kf2 Nd6 37. Kf3 Ne8 38. a4 Nf6 39. axb5 axb5 40. Ra1 Bd6
41. Ra7+ Rd7 42. Rxd7+ Nxd7 43. Ne6 Ne5+ 44. Ke2 Nc6 45. Kd1 Be5 46. Bd2 Ne7
47. Bxh6 Nxd5 48. Nd8+ Kg6 49. Bf8 Ne3+ 50. Ke2 Nxg2 51. Nc6 Nf4+ 52. Kd2 Bh8
53. Na7 c3+ 54. Kd1 Ne6 55. Bd6 Nd4 0-1

[Event "3MCR_3DW_1L_1S"]
[Site "?"]
[Date "2009.??.??"]
[Round "?"]
[White "Jirku, Jaroslav"]
[Black "Sochor, Frantisek"]
[Result "1/2-1/2"]
[WhiteElo "2305"]
[BlackElo "2375"]
[Annotator "085"]
[PlyCount "92"]
[EventDate "2009.??.??"]
[EventType "corr"]
[SourceDate "2002.06.29"]

1. e4 e5 2. Nf3 Nf6 3. Nxe5 d6 4. Nf3 Nxe4 5. d4 d5 6. Bd3 Nc6 7. O-O Be7 8.
Re1 Bg4 9. c4 Nf6 10. cxd5 Bxf3 11. Qxf3 Qxd5 12. Qxd5 Nxd5 13. Nc3 O-O-O 14.
Be4 Bb4 15. Bd2 Nxd4 16. Bxd5 Bxc3 17. bxc3 Nc2 18. Bxb7+ Kxb7 19. Rab1+ Kc6
20. Re2 Rhe8 21. Rxe8 Rxe8 22. Kf1 f5 23. Rb2 Na3 24. Rb4 Re4 25. Rb8 a5 26.
Rh8 Nb1 27. Be1 Ra4 28. Rxh7 Rxa2 29. Rxg7 a4 30. Rg8 Kb7 31. Rd8 a3 32. Rd4
Rb2 33. Ra4 a2 34. g3 Kb6 35. h4 Kb5 36. Ra7 Kc4 37. h5 Nd2+ 38. Bxd2 Rxd2 39.
Kg2 Kb3 40. h6 Rd7 41. Rb7+ Kxc3 42. Ra7 Kb2 43. Rb7+ Ka1 44. Kf3 Rh7 45. Kf4
Rxh6 46. Rxc7 Rh2 1/2-1/2

[Event "3MCR_3DW_1L_3S"]
[Site "?"]
[Date "2009.??.??"]
[Round "?"]
[White "Ryska, Jiri"]
[Black "Janocko, Petr"]
[Result "0-1"]
[WhiteElo "2104"]
[BlackElo "2193"]
[Annotator "089"]
[PlyCount "80"]
[EventDate "2009.??.??"]
[EventType "corr"]
[SourceDate "2002.06.29"]

1. e4 e5 2. Nf3 Nc6 3. Bb5 a6 4. Ba4 Nf6 5. O-O Nxe4 6. d4 b5 7. Bb3 d5 8. Nxe5
Nxe5 9. dxe5 c6 10. a4 b4 11. c4 Nc5 12. Ba2 dxc4 13. Qxd8+ Kxd8 14. Bxc4 Be6
15. Bxe6 fxe6 16. Nd2 Kc7 17. Nc4 Nb3 18. Rb1 Bc5 19. Be3 Rhd8 20. Rfe1 Rd3 21.
f4 Bxe3+ 22. Rxe3 Rxe3 23. Nxe3 Nc5 24. Nc4 Nxa4 25. g3 Nc5 26. Ra1 Nb3 27. Ra4
a5 28. Kf2 c5 29. h4 Kc6 30. Nd6 c4 31. Ke3 h5 32. Ra2 Kc5 33. Ra4 Ra7 34. Ke4
Rc7 35. Ne8 Rd7 36. Nd6 Kb6 37. Ra2 Rc7 38. Ke3 c3 39. bxc3 Rxc3+ 40. Kf2 Nc5
0-1

[Event "3MCR_3DW_1L_2S"]
[Site "?"]
[Date "2009.??.??"]
[Round "?"]
[White "Toman, Antonin"]
[Black "Pirhala, Ladislav"]
[Result "0-1"]
[WhiteElo "2204"]
[BlackElo "2190"]
[Annotator "094"]
[PlyCount "108"]
[EventDate "2009.??.??"]
[EventType "corr"]
[SourceDate "2002.06.29"]

1. e4 c5 2. b3 Nc6 3. Bb2 d6 4. f4 Nf6 5. e5 Nd5 6. Qf3 e6 7. Na3 dxe5 8. fxe5
Be7 9. Bb5 Bd7 10. Ne2 O-O 11. O-O Ndb4 12. Rad1 Qc7 13. Qg3 Rad8 14. c3 Nd5
15. d3 a6 16. Bxc6 Bxc6 17. Bc1 f5 18. Nc4 b5 19. Ne3 Rf7 20. Nxd5 Bxd5 21. Be3
Bf8 22. Rfe1 Re8 23. c4 Bb7 24. Rc1 Rd7 25. Bd2 Kh8 26. Nf4 Qd8 27. Rcd1 Bc6
28. Qh3 bxc4 29. bxc4 g5 30. Ng6+ Kg7 31. Nxf8 Rxf8 32. Be3 Qe7 33. Bf2 Rfd8
34. Qe3 Rd4 35. Rd2 f4 36. Qe2 f3 37. Qd1 R4d7 38. Qb3 Bb7 39. g3 Qf8 40. Be3
Qf5 41. Bxc5 h5 42. Red1 h4 43. gxh4 f2+ 44. Rxf2 Qg4+ 45. Kf1 Bf3 46. Rdd2 Rb7
47. Bb6 Rf8 48. Rb2 Rf5 49. Ke1 Qf4 50. Rxf3 Qxf3 51. Re2 Qh1+ 52. Kd2 Rf1 53.
c5 Rb1 54. Qc2 Qf1 0-1

[Event "3MCR_3DW_1L_2S"]
[Site "?"]
[Date "2009.??.??"]
[Round "?"]
[White "Cipka, Ivan"]
[Black "Kyhos, Alois"]
[Result "1-0"]
[WhiteElo "2194"]
[BlackElo "2146"]
[Annotator "095"]
[PlyCount "79"]
[EventDate "2009.??.??"]
[EventType "corr"]
[SourceDate "2002.06.29"]

1. e4 e5 2. Nf3 d6 3. d4 exd4 4. Nxd4 Nf6 5. Nc3 Be7 6. Bf4 O-O 7. Qd2 Nc6 8.
O-O-O Nxd4 9. Qxd4 Be6 10. f3 a6 11. Kb1 b5 12. h4 c6 13. Bxd6 Bxd6 14. Qxd6
Qa5 15. a3 Rad8 16. Qg3 Rxd1+ 17. Nxd1 c5 18. Be2 b4 19. Qe1 Qa4 20. Qd2 bxa3
21. b3 Qc6 22. Ne3 a5 23. Qxa5 Ra8 24. Qc3 a2+ 25. Ka1 Qc7 26. h5 h6 27. e5 Nd5
28. Nxd5 Bxd5 29. Rd1 Qc6 30. Qd2 Be6 31. Qd6 Qc8 32. Bb5 c4 33. b4 Rb8 34. Bc6
c3 35. Rd3 Qf8 36. Qxf8+ Kxf8 37. b5 f6 38. f4 fxe5 39. fxe5 Ke7 40. Rxc3 1-0

[Event "3MCR_3DW_1L_1S"]
[Site "?"]
[Date "2009.??.??"]
[Round "?"]
[White "Houska, Jiri"]
[Black "Hybl, Vladislav"]
[Result "1/2-1/2"]
[WhiteElo "2303"]
[BlackElo "2307"]
[Annotator "086"]
[PlyCount "109"]
[EventDate "2009.??.??"]
[EventType "corr"]
[SourceDate "2002.06.29"]

1. e4 c5 2. Nf3 Nc6 3. Bb5 e6 4. Bxc6 bxc6 5. d3 Ne7 6. Qe2 d5 7. h4 h5 8. c4
Ng6 9. e5 Be7 10. Nc3 Nxh4 11. Nxh4 Bxh4 12. g3 Be7 13. Rxh5 Rxh5 14. Qxh5 Ba6
15. b3 g6 16. Qh8+ Kd7 17. Qxd8+ Rxd8 18. Ba3 Rh8 19. Kd2 Rh5 20. Re1 Rf5 21.
f4 g5 22. Na4 gxf4 23. gxf4 Rxf4 24. Bxc5 Bb7 25. Rh1 Bxc5 26. Nxc5+ Kc7 27.
Ke3 Rf5 28. d4 Bc8 29. Rh4 a5 30. Rf4 Rxf4 31. Kxf4 Kd8 32. Kg5 Ke7 33. a3 Kf8
34. Kf6 Ke8 35. cxd5 exd5 36. a4 Kf8 37. b4 axb4 38. a5 Ke8 39. Kg5 Kd8 40. Kf4
Kc7 41. Ke3 Bf5 42. Kd2 Bb1 43. Na6+ Kb7 44. Nxb4 Bf5 45. Ke3 Bg4 46. Kf4 Be2
47. Kg5 Bc4 48. Kf5 Bb5 49. Kf4 Be2 50. Ke3 Bg4 51. Kd3 Bf5+ 52. Kc3 Bb1 53.
Kb3 Be4 54. Na2 c5 55. dxc5 1/2-1/2

[Event "3MCR_3DW_1L_1S"]
[Site "?"]
[Date "2009.??.??"]
[Round "?"]
[White "Valak, Alois"]
[Black "Jirku, Jaroslav"]
[Result "1-0"]
[WhiteElo "2326"]
[BlackElo "2305"]
[Annotator "087"]
[PlyCount "95"]
[EventDate "2009.??.??"]
[EventType "corr"]
[SourceDate "2002.06.29"]

1. e4 c5 2. Nf3 d6 3. d4 cxd4 4. Nxd4 Nf6 5. Nc3 a6 6. Be3 e5 7. Nb3 Be7 8. f3
Be6 9. Qd2 Nbd7 10. g4 O-O 11. O-O-O Qc7 12. g5 Nh5 13. Kb1 b5 14. Nd5 Bxd5 15.
exd5 Nb6 16. Na5 Nxd5 17. Qxd5 Qxa5 18. Bd3 g6 19. Qb7 Rfe8 20. Be4 Qa4 21. Bc6
Rab8 22. Qa7 Rec8 23. Be4 Bf8 24. Rd2 Ng7 25. Bb6 b4 26. h4 b3 27. cxb3 Qb4 28.
Be3 Ne6 29. Rd3 Qb5 30. a4 Qa5 31. h5 Qc7 32. Qxa6 Qe7 33. hxg6 hxg6 34. Bd5
Nc7 35. Qa5 Nxd5 36. Qxd5 Rc7 37. f4 Bg7 38. a5 Rcc8 39. fxe5 Qxe5 40. Qxe5
dxe5 41. a6 e4 42. Rd2 Rxb3 43. Rhd1 Re8 44. a7 Kh7 45. Ka2 Rb5 46. Rd8 Rxb2+
47. Ka3 Rb1 48. a8=Q 1-0

[Event "3MCR_3DW_1L_1S"]
[Site "?"]
[Date "2009.??.??"]
[Round "?"]
[White "Jirku, Jaroslav"]
[Black "Lounek, Jan"]
[Result "0-1"]
[WhiteElo "2305"]
[BlackElo "2406"]
[Annotator "088"]
[PlyCount "100"]
[EventDate "2009.??.??"]
[EventType "corr"]
[SourceDate "2002.06.29"]

1. e4 c5 2. Nf3 Nc6 3. d4 cxd4 4. Nxd4 Nf6 5. Nc3 e5 6. Ndb5 d6 7. Bg5 a6 8.
Na3 b5 9. Bxf6 gxf6 10. Nd5 f5 11. g3 fxe4 12. Bg2 Be6 13. Bxe4 Bg7 14. Qh5 Rc8
15. Rd1 Ne7 16. c3 Rc5 17. Nb4 Qb6 18. Qg5 Kf8 19. Qe3 f5 20. Bg2 e4 21. Nac2
a5 22. Nd4 Bc4 23. Nbc2 b4 24. b3 Bd3 25. cxb4 Rxc2 26. Nxc2 Bc3+ 27. Rd2 Qxe3+
28. Nxe3 axb4 29. Kd1 Bxd2 30. Kxd2 Kf7 31. Bf1 Bxf1 32. Rxf1 Ra8 33. Ra1 d5
34. Nc2 Nc6 35. Ke3 Ke6 36. Kf4 Ra5 37. a3 h6 38. f3 Rc5 39. Ne3 d4 40. fxe4
dxe3 41. exf5+ Rxf5+ 42. Kxe3 Ra5 43. Rc1 bxa3 44. Rxc6+ Kd5 45. Rc1 a2 46. Ra1
Kc5 47. Kd3 Kb4 48. Kc2 Ka3 49. b4 Rf5 50. Kd3 Rf2 0-1

[Event "3MCR_3DW_1L_1S"]
[Site "?"]
[Date "2009.??.??"]
[Round "?"]
[White "Jirku, Jaroslav"]
[Black "Kaas, Jaroslav"]
[Result "0-1"]
[WhiteElo "2305"]
[BlackElo "1800"]
[Annotator "089"]
[PlyCount "100"]
[EventDate "2009.??.??"]
[EventType "corr"]
[SourceDate "2002.06.29"]

1. e4 c5 2. Nf3 e6 3. Nc3 d6 4. d4 cxd4 5. Nxd4 Nf6 6. g4 h6 7. h4 e5 8. Bb5+
Bd7 9. Bxd7+ Qxd7 10. Nf5 Nc6 11. f3 O-O-O 12. g5 Ng8 13. Nd5 g6 14. Ng3 hxg5
15. Bxg5 Be7 16. Qd3 Bxg5 17. hxg5 Rxh1+ 18. Nxh1 Qh3 19. O-O-O Qg2 20. Qe3 Nd4
21. Qc3+ Kd7 22. Qc7+ Ke8 23. Kb1 Qxf3 24. Re1 Qh3 25. Rc1 Nf3 26. Qxb7 Qd7 27.
Qb4 Qg4 28. Nf2 Qxg5 29. Rh1 Kf8 30. Qc3 Qg2 31. Qe3 Kg7 32. b3 Nd4 33. c3 Ne6
34. Ka1 a5 35. Kb1 Nc5 36. Rd1 Nf6 37. Nxf6 Kxf6 38. Rh1 Ke7 39. Qe1 Rg8 40.
Qe3 g5 41. Rh3 Qf1+ 42. Kb2 a4 43. b4 a3+ 44. Kc2 Nd7 45. Rh1 Qc4 46. Ng4 Qxa2+
47. Kd3 d5 48. Nh6 Rg6 49. Nf5+ Ke6 50. Rd1 Qc4+ 0-1

[Event "3MCR_3DW_1L_1S"]
[Site "?"]
[Date "2009.??.??"]
[Round "?"]
[White "Makovsky, Petr"]
[Black "Lounek, Jan"]
[Result "1-0"]
[WhiteElo "2324"]
[BlackElo "2406"]
[Annotator "090"]
[PlyCount "115"]
[EventDate "2009.??.??"]
[EventType "corr"]
[SourceDate "2002.06.29"]

1. e4 c5 2. Nf3 Nc6 3. d4 cxd4 4. Nxd4 Nf6 5. Nc3 e5 6. Ndb5 d6 7. Bg5 a6 8.
Na3 b5 9. Nd5 Be7 10. Bxf6 Bxf6 11. c3 Bg5 12. Nc2 Ne7 13. h4 Bh6 14. a4 bxa4
15. Ncb4 O-O 16. Qxa4 Nxd5 17. Nxd5 a5 18. Bb5 Be6 19. Bc6 Rb8 20. b4 axb4 21.
cxb4 Bxd5 22. Bxd5 Qb6 23. Rb1 Kh8 24. O-O Bd2 25. b5 Bc3 26. g3 Bd4 27. Kg2 f5
28. exf5 Rxf5 29. f3 Rff8 30. Rfc1 Bc5 31. Qc4 Qd8 32. Ra1 Qf6 33. Rcb1 Qh6 34.
Ra6 Qe3 35. Kh3 Bb6 36. Be4 Rfd8 37. Qc6 Bd4 38. Qd5 Bb6 39. Rba1 Qc5 40. Qc6
g6 41. Rd1 Kg7 42. h5 gxh5 43. Rc1 Qd4 44. Ra3 h4 45. gxh4 Qd2 46. Rca1 Qf4 47.
Ra7+ Kf8 48. Rxh7 Bf2 49. Rh8+ Kg7 50. Qc7+ Kf6 51. Rf8+ Rxf8 52. Qxd6+ Kf7 53.
Qc7+ Ke6 54. Ra6+ Rb6 55. Rxb6+ Bxb6 56. Qxb6+ Kf7 57. Qc7+ Ke6 58. b6 1-0

[Event "3MCR_3DW_1L_2S"]
[Site "?"]
[Date "2009.??.??"]
[Round "?"]
[White "Docekal, Ales"]
[Black "Toman, Antonin"]
[Result "1-0"]
[WhiteElo "2108"]
[BlackElo "2204"]
[Annotator "096"]
[PlyCount "91"]
[EventDate "2009.??.??"]
[EventType "corr"]
[SourceDate "2002.06.29"]

1. d4 d5 2. c4 e6 3. Nc3 Nf6 4. Nf3 c6 5. e3 Nbd7 6. Qc2 Bd6 7. Bd3 O-O 8. O-O
dxc4 9. Bxc4 b5 10. Be2 Bb7 11. Rd1 Qc7 12. e4 e5 13. dxe5 Nxe5 14. Nd4 Neg4
15. g3 Qb6 16. a4 Rfd8 17. a5 Qc7 18. Nf5 Be5 19. a6 Bc8 20. Rxd8+ Qxd8 21. h3
Bxf5 22. exf5 Bxc3 23. hxg4 Bd4 24. g5 Nd5 25. Qxc6 Rb8 26. Bd2 Rb6 27. Qc2 h6
28. gxh6 gxh6 29. Rd1 Rd6 30. Be1 Nf6 31. Bb4 Rd7 32. Kg2 Bb6 33. Rxd7 Qxd7 34.
Qd3 Nd5 35. Bd2 h5 36. b4 Kg7 37. Qe4 Qd6 38. Bxb5 Bxf2 39. Kxf2 Qb6+ 40. Ke1
Qxb5 41. Qd4+ Kg8 42. Qxa7 Nxb4 43. Qa8+ Kh7 44. Bc3 Nd3+ 45. Kd2 Ne5 46. Qe4
1-0

[Event "3MCR_3DW_1L_2S"]
[Site "?"]
[Date "2009.??.??"]
[Round "?"]
[White "Docekal, Ales"]
[Black "Pirhala, Ladislav"]
[Result "0-1"]
[WhiteElo "2108"]
[BlackElo "2190"]
[Annotator "097"]
[PlyCount "128"]
[EventDate "2009.??.??"]
[EventType "corr"]
[SourceDate "2002.06.29"]

1. d4 Nf6 2. c4 e6 3. Nf3 d5 4. Nc3 Be7 5. Bf4 O-O 6. e3 Nbd7 7. Qc2 c5 8. cxd5
Nxd5 9. Nxd5 exd5 10. Bd3 g6 11. O-O c4 12. Be2 Nf6 13. Ne5 Bf5 14. Qa4 Qb6 15.
g4 Be6 16. Qc2 Rfc8 17. Bf3 Ne8 18. g5 Nd6 19. Ng4 Qd8 20. Nh6+ Kg7 21. h4 f6
22. Bg4 Bxg4 23. Nxg4 Nf7 24. gxf6+ Bxf6 25. Nxf6 Qxf6 26. Bg3 Kg8 27. Qe2 Rc6
28. Qg4 Nh6 29. Qd7 Qf7 30. Qxf7+ Kxf7 31. Kg2 Rac8 32. Bf4 Nf5 33. Rh1 h5 34.
Kh3 Rb6 35. Rab1 Ra6 36. Ra1 Rcc6 37. Rhc1 Rcb6 38. Rc2 Ne7 39. Bc7 Rb5 40. a3
Rb3 41. Rd1 Rc6 42. Bb8 a5 43. Bg3 Nf5 44. Re1 Rcb6 45. Ree2 a4 46. Be5 Rc6 47.
Rc1 Ke6 48. Rg1 Ke7 49. Rc1 c3 50. Rcc2 Kd7 51. Bg3 Rc4 52. f3 cxb2 53. Rxb2
Kc6 54. Bf4 Kb5 55. Bg5 Rcc3 56. Rec2 Rxc2 57. Rxc2 Rxa3 58. Rc5+ Kb4 59. Rxd5
Rd3 60. e4 Nxd4 61. Rd7 b5 62. Be7+ Kc4 63. e5 Rxf3+ 64. Kg2 Rf7 0-1

[Event "3MCR_3DW_1L_3S"]
[Site "?"]
[Date "2009.??.??"]
[Round "?"]
[White "Bares, Jiri"]
[Black "Tunega, Frantisek"]
[Result "0-1"]
[WhiteElo "2234"]
[BlackElo "2003"]
[Annotator "090"]
[PlyCount "96"]
[EventDate "2009.??.??"]
[EventType "corr"]
[SourceDate "2002.06.29"]

1. d4 Nf6 2. c4 d6 3. Nc3 g6 4. e4 Bg7 5. f3 O-O 6. Be3 e5 7. d5 c6 8. Qd2 cxd5
9. cxd5 a6 10. Nge2 Nbd7 11. Nc1 Nh5 12. Nd3 f5 13. Be2 f4 14. Bf2 Bf6 15. O-O
Bh4 16. Bxh4 Qxh4 17. a4 g5 18. a5 Ndf6 19. Rfc1 g4 20. Ne1 Rf7 21. Na4 g3 22.
Rxc8+ Rxc8 23. h3 Rfc7 24. Qb4 Rd8 25. Nd3 h6 26. Nb6 Nh7 27. Nc4 Ng5 28. Bf1
Nf7 29. Be2 Qe7 30. Rc1 Nf6 31. Bd1 Nh7 32. Qd2 Nh8 33. Rc3 Ng6 34. Qc2 Qd7 35.
Be2 Nh4 36. Nb6 Rxc3 37. bxc3 Qb5 38. Qa2 Ng5 39. c4 Qe8 40. Bd1 Qh5 41. Qe2
Nhxf3+ 42. gxf3 Nxh3+ 43. Kf1 Ng5 44. Kg1 Kh8 45. Qg2 Nxe4 46. Na4 Nf2 47. Be2
e4 48. Nxf4 Qg5 0-1

[Event "3MCR_3DW_1L_2S"]
[Site "?"]
[Date "2009.??.??"]
[Round "?"]
[White "Postl, Rostislav"]
[Black "Docekal, Ales"]
[Result "1/2-1/2"]
[WhiteElo "2297"]
[BlackElo "2108"]
[Annotator "098"]
[PlyCount "84"]
[EventDate "2009.??.??"]
[EventType "corr"]
[SourceDate "2002.06.29"]

1. e4 e5 2. Nf3 Nc6 3. Bb5 Nf6 4. O-O Nxe4 5. d4 Nd6 6. Bxc6 dxc6 7. dxe5 Nf5
8. Qxd8+ Kxd8 9. Nc3 Ke8 10. Rd1 h6 11. h3 Ne7 12. Be3 Ng6 13. a3 Be7 14. Rd2
Kf8 15. Re1 Kg8 16. Nd4 Nxe5 17. Bf4 f6 18. Bxe5 fxe5 19. Nf3 Bf6 20. Nxe5 Kh7
21. Nd7 Bg5 22. Rd3 Rd8 23. Red1 Bxd7 24. Rxd7 Rxd7 25. Rxd7 Re8 26. Kf1 Bf4
27. f3 Be5 28. Ne4 Kg6 29. c3 b6 30. g4 Rf8 31. Re7 Bd6 32. Nxd6 cxd6 33. Kf2
Rf7 34. Re6+ Rf6 35. Re8 d5 36. Rd8 a5 37. a4 Kf7 38. Rb8 c5 39. Rb7+ Kg8 40.
Rd7 Rf4 41. Rxd5 Rxa4 42. Rd8+ Kf7 1/2-1/2

[Event "3MCR_3DW_1L_3S"]
[Site "?"]
[Date "2009.??.??"]
[Round "?"]
[White "Portych, Vaclav"]
[Black "Tyrlik, Jaroslav"]
[Result "1-0"]
[WhiteElo "2219"]
[BlackElo "2039"]
[Annotator "091"]
[PlyCount "113"]
[EventDate "2009.??.??"]
[EventType "corr"]
[SourceDate "2002.06.29"]

1. c4 e6 2. Nc3 d5 3. d4 Nf6 4. cxd5 exd5 5. Bg5 c6 6. e3 h6 7. Bh4 Bf5 8. Qf3
Bg6 9. Bxf6 Qxf6 10. Qxf6 gxf6 11. Nge2 Bd6 12. Nf4 Nd7 13. O-O-O Ke7 14. g3
Rae8 15. Be2 f5 16. Bd3 Nf6 17. f3 Kd8 18. Kd2 Re7 19. Rde1 Rhe8 20. Re2 Nh5
21. Ng2 a6 22. Rhe1 Ng7 23. a3 a5 24. Nh4 b5 25. Rc1 Re6 26. Nd1 Kd7 27. Ng2
Bh5 28. Rf2 R8e7 29. Nf4 Bxf4 30. gxf4 a4 31. Ke1 Rg6 32. Kd2 Rge6 33. Rc3 Kd6
34. b3 axb3 35. Rxb3 Re8 36. Bc2 Ra8 37. Nc3 Re7 38. a4 bxa4 39. Ra3 Rea7 40.
Rxa4 Rxa4 41. Nxa4 Ne6 42. Rf1 c5 43. dxc5+ Nxc5 44. Nc3 Rg8 45. Rf2 Ke6 46.
Nb5 Kf6 47. Nd4 Bg6 48. Bb3 Nxb3+ 49. Nxb3 h5 50. h4 Bh7 51. Rh2 Rg1 52. Nd4
Rb1 53. Nc2 Ke7 54. Ke2 Kd6 55. Kf2 Kc5 56. Rg2 Rd1 57. Nd4 1-0

[Event "3MCR_3DW_1L_3S"]
[Site "?"]
[Date "2009.??.??"]
[Round "?"]
[White "Schoupal, Patrik"]
[Black "Portych, Vaclav"]
[Result "1-0"]
[WhiteElo "2000"]
[BlackElo "2219"]
[Annotator "092"]
[PlyCount "95"]
[EventDate "2009.??.??"]
[EventType "corr"]
[SourceDate "2002.06.29"]

1. e4 c5 2. Nf3 Nc6 3. Nc3 d6 4. d4 cxd4 5. Nxd4 Nf6 6. Bg5 e6 7. Qd2 a6 8.
O-O-O Bd7 9. f4 b5 10. Bxf6 gxf6 11. Kb1 b4 12. Nce2 Qb6 13. Nxc6 Bxc6 14. f5
e5 15. Ng3 Qc5 16. b3 a5 17. Bc4 a4 18. Rhe1 h5 19. h4 Qa7 20. Qe2 axb3 21.
Bxb3 Ba4 22. Rd2 Qa6 23. Nxh5 Ke7 24. Qd1 Bh6 25. Nxf6 Bxb3 26. cxb3 Bxd2 27.
Qxd2 Rxh4 28. Nd5+ Kd7 29. Nxb4 Qa5 30. Rd1 Qc5 31. Nd5 Rah8 32. b4 Qd4 33.
Qxd4 exd4 34. Rxd4 Rh1+ 35. Kc2 Rg1 36. a4 Rxg2+ 37. Kb3 Rg1 38. a5 Ra1 39. Rc4
Rh3+ 40. Kb2 Rha3 41. Nc3 Kd8 42. Rc6 Kd7 43. Ra6 Ke7 44. Ra7+ Ke8 45. f6 Rxc3
46. Kxc3 Rf1 47. a6 Rxf6 48. b5 1-0

[Event "3MCR_3DW_1L_1S"]
[Site "?"]
[Date "2009.??.??"]
[Round "?"]
[White "Kuta, Jiri"]
[Black "Sochor, Frantisek"]
[Result "1-0"]
[WhiteElo "2359"]
[BlackElo "2375"]
[Annotator "091"]
[PlyCount "89"]
[EventDate "2009.??.??"]
[EventType "corr"]
[SourceDate "2002.06.29"]

1. d4 d5 2. c4 c6 3. Nf3 Nf6 4. e3 Bf5 5. Nc3 e6 6. Nh4 Bg6 7. Nxg6 hxg6 8. Bd2
Nbd7 9. Rc1 Bd6 10. g3 dxc4 11. Bxc4 Nb6 12. Bb3 Qd7 13. Qe2 O-O-O 14. e4 Bb4
15. a3 Ba5 16. Ba2 Bxc3 17. bxc3 Rh3 18. Kf1 Rdh8 19. Kg1 Kb8 20. Bb3 Qe7 21.
a4 Nbd7 22. a5 Qa3 23. Rb1 Qxa5 24. e5 Ne8 25. Qf3 Rf8 26. Bc4 Qc7 27. Bc1 Rh5
28. Ba3 Rf5 29. Qe2 Rh8 30. g4 Rf4 31. Bc1 g5 32. Bxf4 gxf4 33. Qf3 g5 34. h4
Nb6 35. Bf1 gxh4 36. Qxf4 f6 37. Bg2 Nd5 38. Bxd5 exd5 39. Kg2 a5 40. Rh3 Rh7
41. Rbh1 fxe5 42. Qxe5 Nd6 43. Rxh4 Re7 44. Qg3 a4 45. Rh8+ 1-0

[Event "3MCR_3DW_1L_1S"]
[Site "?"]
[Date "2009.??.??"]
[Round "?"]
[White "Kaas, Jaroslav"]
[Black "Sochor, Frantisek"]
[Result "1-0"]
[WhiteElo "1800"]
[BlackElo "2375"]
[Annotator "092"]
[PlyCount "117"]
[EventDate "2009.??.??"]
[EventType "corr"]
[SourceDate "2002.06.29"]

1. e4 c5 2. Nf3 Nc6 3. d4 cxd4 4. Nxd4 Nf6 5. Nc3 e5 6. Ndb5 d6 7. Bg5 a6 8.
Na3 b5 9. Bxf6 gxf6 10. Nd5 f5 11. Bd3 Be6 12. O-O Bg7 13. Qh5 f4 14. c4 b4 15.
Nb1 O-O 16. Nd2 Rc8 17. Kh1 f6 18. g3 Qe8 19. Qxe8 Rfxe8 20. Rac1 Nd4 21. gxf4
exf4 22. Nxf4 Bh6 23. Nxe6 Nxe6 24. Rcd1 Bf4 25. Rg1+ Kf7 26. b3 Rg8 27. Nf1
Rxg1+ 28. Kxg1 Be5 29. Ng3 a5 30. Kf1 Ra8 31. Bc2 Nd4 32. Bb1 Ne6 33. Nf5 a4
34. bxa4 Nc5 35. Nxd6+ Ke6 36. Nb5 Nxa4 37. Bc2 Nc3 38. Nxc3 bxc3 39. Bb3 Bxh2
40. Ke2 Bf4 41. Kd3 Bd2 42. c5+ Ke5 43. Rh1 Ra5 44. Kc4 Ra7 45. a4 Kxe4 46. c6
Kf3 47. Rh2 Bf4 48. Bd1+ Ke4 49. Rh4 h6 50. Kb5 Kf5 51. a5 Ra8 52. a6 Bc7 53.
Ra4 Ra7 54. Rc4 Ra8 55. Rxc3 Rb8+ 56. Kc5 Bb6+ 57. Kc4 Ra8 58. Rb3 Bd8 59. Kb5
1-0